000 00599nam a2200133Ia 4500
005 20260209120152.0
008 260209s9999||||xx |||||||||||||| ||und||
100 _aAyush Arora
245 0 _aNavigating the best approach to attribution of profits to a permanent establishment : a scrutiny of article 7 of OECD vs UN model tax convention model tax convention
260 _aBangaloreBangalore
_bNLSIU, Bangalore
_c2024 - 2025
300 _a26 p. ; 25 cm.
700 _aDr. Ashrita Prasad Kotha - SupervisorDr. Ashrita Prasad Kotha - Supervisor
856 _uhttps://dans.nls.ac.in/handle/123456789/2462
999 _c217761
_d217761